<?xml version="1.0" encoding="UTF-8"?>
<record
    xmlns:xsi="http://www.w3.org/2001/XMLSchema-instance"
    xsi:schemaLocation="http://www.loc.gov/MARC21/slim http://www.loc.gov/standards/marcxml/schema/MARC21slim.xsd"
    xmlns="http://www.loc.gov/MARC21/slim">

  <leader>00500nam a2200145Ia 4500</leader>
  <controlfield tag="008">100122s9999    xx            000 0 und d</controlfield>
  <datafield tag="082" ind1=" " ind2=" ">
    <subfield code="b">13468</subfield>
    <subfield code="a">823</subfield>
  </datafield>
  <datafield tag="100" ind1=" " ind2=" ">
    <subfield code="a">&#x906;&#x92A;&#x91F;&#x947; &#x939;&#x930;&#x93F; &#x928;&#x93E;&#x930;&#x93E;&#x92F;&#x923;</subfield>
  </datafield>
  <datafield tag="245" ind1=" " ind2=" ">
    <subfield code="a">&#x91A;&#x93E;&#x923;&#x93E;&#x915;&#x94D;&#x937;&#x92A;&#x923;&#x93E;&#x91A;&#x93E; &#x915;&#x933;&#x938;</subfield>
  </datafield>
  <datafield tag="260" ind1=" " ind2=" ">
    <subfield code="b">&#x906;&#x930;&#x94D;&#x92F;&#x92D;&#x942;&#x937;&#x923; &#x92E;&#x941;&#x926;&#x94D;&#x930;&#x923;&#x93E;&#x932;&#x92F;</subfield>
    <subfield code="c">1964</subfield>
  </datafield>
  <datafield tag="300" ind1=" " ind2=" ">
    <subfield code="a">127</subfield>
  </datafield>
  <datafield tag="630" ind1=" " ind2=" ">
    <subfield code="a">&#x91A;&#x93E;&#x923;&#x93E;&#x915;&#x94D;&#x937;&#x92A;&#x923;&#x93E;&#x91A;&#x93E; &#x915;&#x933;&#x938;</subfield>
  </datafield>
  <datafield tag="730" ind1=" " ind2=" ">
    <subfield code="a">&#x91A;&#x93E;&#x923;&#x93E;&#x915;&#x94D;&#x937;&#x92A;&#x923;&#x93E;&#x91A;&#x93E; &#x915;&#x933;&#x938;</subfield>
  </datafield>
  <datafield tag="942" ind1=" " ind2=" ">
    <subfield code="c">BOOK</subfield>
  </datafield>
  <datafield tag="999" ind1=" " ind2=" ">
    <subfield code="c">404284</subfield>
    <subfield code="d">404281</subfield>
  </datafield>
</record>
